Lengua y literatura : 2º/3º prácticas del lenguaje /
Guardado en:
| Autor Principal: | |
|---|---|
| Formato: | Libro |
| Publicado: |
Buenos Aires :
Sm,
2014
|
| Series: | Proyecto Nodos
|
| Materias: | |
| Etiquetas: |
Agregar Etiqueta
Sin Etiquetas, Sea el primero en etiquetar este registro!
|
| LEADER | 00915nam a22002295a 4500 | ||
|---|---|---|---|
| 001 | CEM.cems014564 | ||
| 005 | 20150330181936.0 | ||
| 008 | 130507s2014##################000#0#####d | ||
| 003 | CEMS | ||
| 020 | |a 9789877310382 | ||
| 082 | 0 | 4 | |a 468 |
| 100 | 1 | |a Nair Vitali, Noelia | |
| 245 | 1 | 0 | |a Lengua y literatura : |b 2º/3º prácticas del lenguaje / |c Noelia Nair Vitali ... y Otros |
| 260 | |a Buenos Aires : |b Sm, |c 2014 | ||
| 300 | |a 272 p. | ||
| 490 | 0 | |a Proyecto Nodos | |
| 505 | 0 | |a Perspectiva del lector -- El cuento de suspenso -- El cuento de humor -- El teatro -- El cuento de terror -- La poesía -- El guion cinematográfico -- La novela histórica -- La participación ciudadana -- El uso y la reflexión sobre el lenguaje | |
| 653 | |a Lengua | ||
| 653 | |a Literatura | ||
| 653 | |a Prácticas del lenguaje | ||
| 653 | |a Libro de texto | ||
| 859 | |a CEMS |b BIB. CEMS - 11 de abril |h 468 |i N143 |p 27132.15 |t Ej.1 |v 2º/3º |3 2º/3º | ||
